000 00226nam a2200097Ia 4500
005 20251222114403.0
008 251222s1900||||xx |||||||||||||| ||spa||
082 _aDVD0092/L45/2006
245 0 _aLos Pasos de Toribio:
942 _cDVD
999 _c1717
_d1717